[Event "Wroclaw-A"]
[Site "Wroclaw"]
[Date "1980.??.??"]
[Round "13"]
[White "Nun, Jiri"]
[Black "Adamski, Andrzej"]
[Result "1/2-1/2"]
[WhiteElo "2515"]
[BlackElo "2350"]

1.e4 g6 2.d4 Bg7 3.Nc3 d6 4.f4 a6 5.a4 Nf6 6.Nf3 O-O 7.Bd3 Nc6 8.O-O Nb4
9.e5 dxe5 10.fxe5 Ng4 11.Ne4 Nxd3 12.Qxd3 f6 13.exf6 Nxf6 14.Qb3+ Kh8 15.Neg5 Qd5
16.Qxd5 Nxd5 17.Bd2 Bf5 18.c3 h6 19.Nh3 a5 20.Nf4 c6 21.Rfe1 Rae8 22.Ne6 Bxe6
23.Rxe6 Kh7 24.Rae1 Bf6 25.h3 Kg7 26.Nh2 Bh4 27.R1e2 Nf4 28.Bxf4 Rxf4 29.R6e5 b6
30.Re6 c5 31.Nf3 Bf6 32.Rxb6 cxd4 33.cxd4 Rxd4 34.b3 Rd3 35.Rb5 Rc8  1/2-1/2

[Event "Warsaw Cup"]
[Site "Warsaw"]
[Date "1981.06.30"]
[Round "9"]
[White "Petryk, Henryk"]
[Black "Sznapik, Krzysztof"]
[Result "1/2-1/2"]
[WhiteElo "2390"]
[BlackElo "2225"]

1.e4 g6 2.d4 Bg7 3.Nc3 d6 4.Nf3 a6 5.a4 b6 6.Be2 Bb7 7.O-O Nd7 8.Re1 e6 9.Bg5 Ne7
10.Qd2 h6 11.Bf4 Nf6 12.e5 Nfd5 13.Nxd5 Nxd5 14.Bg3 O-O 15.Bd3 Ne7 16.Qe2 Nf5
17.c3 Nxg3 18.fxg3 c5 19.dxc5 dxc5 20.Rad1 Qc7 21.Bc4 Rfd8 22.Rxd8+ Qxd8
23.Rd1 Qc7 24.Rd6 Bf8 25.Rd2 a5 26.Bb5 Rd8 27.Rxd8 Qxd8 28.Ne1 Bg7 29.Bc4 Qd7
30.b3 Qc6 31.Nd3 Qe4 32.Qxe4 Bxe4 33.Kf2 Kf8 34.g4 Ke7 35.g3 g5 36.Ke3 Bb7
37.Bb5 Bd5 38.b4 axb4 39.cxb4 c4 40.Nb2 c3 41.Nd3 f6 42.a5 bxa5 43.bxa5 fxe5
44.a6 Kd6 45.a7 Kc7 46.Nc5 Kb6 47.Nxe6 Ba8 48.Ba4 Bf6 49.Kd3 e4+ 50.Ke3 Kxa7
51.Nc5 Kb6 52.Nxe4 Ka5 53.Bd1 Be5 54.h4 Kb4 55.hxg5 hxg5 56.Nxg5 Kc4 57.Ne4 Bd4+
58.Kf4 Kd3 59.Nxc3 Bxc3 60.g5  1/2-1/2

[Event "BCF-ch"]
[Site "Morecambe"]
[Date "1981.08.03"]
[Round "1"]
[White "Watson, Ian R"]
[Black "Short, Nigel D"]
[Result "0-1"]
[WhiteElo "2200"]
[BlackElo "2440"]

1.Nc3 g6 2.e4 Bg7 3.d4 d6 4.Nf3 a6 5.a4 Nc6 6.d5 Nb4 7.a5 f5 8.Ra4 c5 9.Bc4 Nf6
10.e5 dxe5 11.Nxe5 Nfxd5 12.Nxd5 Bxe5 13.Qe2 Nc6 14.Bg5 Qd6 15.f4 Bg7 16.O-O Bd7
17.c3 Kf8 18.Raa1 Be6 19.Rad1 Bd4+ 20.cxd4 Bxd5 21.Bxd5 Qxd5 22.Rfe1 cxd4
23.Bxe7+ Kf7 24.Bh4 Rhe8 25.Qf2 Rxe1+ 26.Rxe1 Re8 27.Rxe8 Kxe8 28.h3 Kd7
29.Qd2 Qxa5 30.Qc2 Qd5 31.Qd3 b5 32.Bf2 Qc4 33.Qd2 b4 34.Kh2 b3  0-1

[Event "BCF-ch"]
[Site "Morecambe"]
[Date "1981.08.08"]
[Round "6"]
[White "King, Daniel J"]
[Black "Davies, Nigel R"]
[Result "1-0"]
[WhiteElo "2320"]
[BlackElo "2395"]

1.e4 g6 2.d4 Bg7 3.Nc3 d6 4.g3 Nc6 5.d5 Nd4 6.Be3 c5 7.Bg2 Qb6 8.Rb1 Nf6
9.h3 O-O 10.Nge2 Nxe2 11.Qxe2 Re8 12.O-O e6 13.dxe6 Bxe6 14.Rfd1 Rad8 15.Qd2 a6
16.Bg5 Qc7 17.Qf4 Qe7 18.a4 Rd7 19.g4 Bc4 20.b3 Be6 21.Rd3 Nh5 22.Qd2 Bf6
23.Bh6 Ng7 24.g5 Be5 25.f4 Bd4+ 26.Rxd4 cxd4 27.Qxd4 Nh5 28.Bf3 f5 29.exf5 Bxf5
30.Nd5 Qe6 31.Bxh5 gxh5 32.Nf6+ Kf7 33.Nxe8 Kxe8 34.Qh8+ Ke7 35.Qf8+  1-0

[Event "BCF-ch"]
[Site "Morecambe"]
[Date "1981.08.14"]
[Round "11"]
[White "Chandler, Murray G"]
[Black "Lewis, Andrew P"]
[Result "1-0"]
[WhiteElo "2530"]
[BlackElo "2200"]

1.e4 g6 2.d4 Bg7 3.Nc3 d6 4.Nge2 Nc6 5.d5 Ne5 6.f4 Nd7 7.g3 c6 8.Be3 cxd5
9.exd5 Nh6 10.Bg2 Nf5 11.Bf2 Nf6 12.h3 h5 13.a4 Qa5 14.Qd2 a6 15.O-O Bd7
16.Rfe1 Rc8 17.Nd4 Kf8 18.Nxf5 gxf5 19.Qe3 Qb4 20.Na2 Qxb2 21.Qxe7+ Kg8 22.Qxd6 h4
23.gxh4 Bxa4 24.Qb4 Qxb4 25.Nxb4 Bb5 26.d6 Ne4 27.Bxe4 fxe4 28.Rad1 Rc4 29.Nd5 Kh7
30.Ne3 Rc3 31.Rd5 Bh6 32.Ng4 Rxh3 33.Rh5 Kg7 34.Kg2 Ra3 35.Bd4+ f6 36.Bxf6+ Kg6
37.Rxb5 Rg8 38.Nxh6  1-0

[Event "BCF-ch"]
[Site "Morecambe"]
[Date "1981.08.14"]
[Round "11"]
[White "Nokes, Roger I"]
[Black "Davies, Nigel R"]
[Result "0-1"]
[WhiteElo "2310"]
[BlackElo "2395"]

1.e4 g6 2.d4 Bg7 3.Nc3 d6 4.Be3 a6 5.f3 Nd7 6.Qd2 b5 7.Nh3 Bb7 8.Be2 Rc8
9.Nf2 c5 10.d5 Qc7 11.O-O Ngf6 12.a4 b4 13.Ncd1 O-O 14.Nd3 Rce8 15.Nf4 e6
16.c4 Ne5 17.Rc1 Re7 18.b3 Rfe8 19.dxe6 fxe6 20.Bd3 Nc6 21.Ne2 Nd7 22.Nf2 Nde5
23.f4 Nf7 24.Bb1 Qb6 25.Rfd1 e5 26.fxe5 dxe5 27.Qb2 Nd4 28.Ng3 Nd8 29.Rf1 N8e6
30.Nd1 Qd6 31.Bf2 Rf7 32.Ne3 Bh6 33.Rce1 Bxe3 34.Bxe3 Nf4 35.Rf2 Ref8 36.Bxd4 cxd4
37.Rd2 d3 38.h3 h5 39.Nf1 Ne2+ 40.Rdxe2 dxe2 41.Qxe2 Qd4+ 42.Ne3 Qc3  0-1

[Event "DEN-ch"]
[Site "Aarhus"]
[Date "1981.??.??"]
[Round "7"]
[White "Fries Nielsen, Niels Jorgen"]
[Black "Fries Nielsen, Jens Ove"]
[Result "1/2-1/2"]
[WhiteElo "2325"]
[BlackElo "2320"]

1.e4 g6 2.d4 Bg7 3.Nc3 d6 4.Nge2 Nf6 5.g3 O-O 6.Bg2 Nbd7 7.O-O Rb8 8.a4 b6
9.f4 a6 10.d5 Bb7 11.Nd4 Ne8 12.Be3 Bxd4 13.Qxd4 e5 14.dxe6 fxe6 15.f5 gxf5
16.exf5 Bxg2 17.Kxg2 e5 18.Qc4+ Kh8 19.Qxa6 Ndf6 20.Rad1 d5 21.Bh6 Rg8 22.Qe2 e4
23.Bf4 Rg7 24.Be5 c6 25.Bxb8 Qxb8 26.Kh1 Qe5 27.Qe3 Nd6 28.Ne2 c5 29.c3 Nc4
30.Qf4  1/2-1/2

[Event "DEN-ch"]
[Site "Aarhus"]
[Date "1981.??.??"]
[Round "8"]
[White "Kristensen, Leif"]
[Black "Nielsen, Palle Moeller"]
[Result "1-0"]
[WhiteElo "2235"]
[BlackElo "2320"]

1.e4 g6 2.d4 Bg7 3.Nc3 d6 4.Be3 Nf6 5.f3 O-O 6.Qd2 e5 7.d5 Nh5 8.Bg5 f6 9.Bh4 Rf7
10.Nge2 Qf8 11.Bf2 Bh6 12.Be3 Bxe3 13.Qxe3 f5 14.exf5 gxf5 15.O-O-O Kh8 16.Kb1 Nd7
17.f4 Qh6 18.g3 Ndf6 19.h3 Bd7 20.Bg2 Rg7 21.Qf2 e4 22.g4 fxg4 23.hxg4 Bxg4
24.Bxe4 Re8 25.Bf3 Qg6 26.Rdg1 b6 27.Bxg4 Nxg4 28.Qh4 Nhf6 29.Nd4 Rge7 30.a3 Rg8
31.Rxg4 Qxg4 32.Qxf6+ Qg7 33.Qh4 Rf7 34.Ne6 Qg6 35.Qf2 c5 36.Qe1 Qg3 37.Qxg3 Rxg3
38.Ne4 Re3 39.N4g5 Re7 40.f5  1-0

[Event "Baden-Baden"]
[Site "Baden-Baden"]
[Date "1981.??.??"]
[Round "?"]
[White "Honfi, Karoly"]
[Black "Ivkov, Borislav"]
[Result "0-1"]
[WhiteElo "2390"]
[BlackElo "2510"]

1.e4 g6 2.d4 Bg7 3.Nc3 d6 4.h3 a6 5.a4 b6 6.Nf3 Nd7 7.Bc4 e6 8.O-O Ne7 9.Be3 Nf6
10.Qd2 Bb7 11.Bh6 Bxh6 12.Qxh6 Nxe4 13.Qg7 Rf8 14.Nxe4 Bxe4 15.Nd2 Nf5 16.Qxh7 Bxg2
17.Kxg2 Qg5+ 18.Kh1 Qxd2 19.Bxe6 fxe6 20.Qxc7 Rh8 21.Ra3 Qe2 22.Kg1 Qe4 23.Rd1 g5
24.d5 e5 25.Rc3 g4 26.Qc6+ Ke7 27.Qc7+ Kf6 28.Re3 Qf4 29.Qd7 Rae8 30.Rf1 gxh3  0-1

[Event "Baden-Baden"]
[Site "Baden-Baden"]
[Date "1981.??.??"]
[Round "?"]
[White "Honfi, Karoly"]
[Black "Kestler, Hans Guenther"]
[Result "0-1"]
[WhiteElo "2390"]
[BlackElo "2405"]

1.e4 g6 2.d4 Bg7 3.Nc3 d6 4.Be3 a6 5.Bc4 e6 6.Bb3 Nf6 7.Nf3 b5 8.e5 dxe5
9.Nxe5 Bb7 10.O-O O-O 11.Qe2 Qd6 12.f4 Nbd7 13.Rad1 Qe7 14.Bf2 c5 15.Nxd7 Nxd7
16.dxc5 Nxc5 17.Nd5 Bxd5 18.Bxd5 Rac8 19.c3 Rfd8 20.Bf3 Na4 21.Qc2 Qc7 22.g3 h5
23.Be3 Nb6 24.Qe4 Nc4 25.Bc1 Nd6 26.Qe2 Nc4 27.Qf2 Bf8 28.Kh1 Bc5 29.Qe2 Bf8
30.Rxd8 Rxd8 31.Rd1 Rxd1+ 32.Qxd1 Bc5 33.Qd3 Bb6 34.b3 Qc5 35.Qd4 Qc7 36.Qd1 Ne3
37.Qd3 Nf5 38.Ba3 Ba7 39.Kg2 Qa5 40.Bb4 Qxa2+ 41.Kh3 Bg1 42.Qe2 Qxb3 43.Qd2 Qc4
44.Qd8+ Kh7 45.Qd1 Bb6 46.Bxh5 gxh5 47.Qxh5+ Nh6 48.Bf8 Qf1+  0-1

[Event "Baden-Baden"]
[Site "Baden-Baden"]
[Date "1981.??.??"]
[Round "?"]
[White "Honfi, Karoly"]
[Black "Hort, Vlastimil"]
[Result "0-1"]
[WhiteElo "2390"]
[BlackElo "2595"]

1.e4 d6 2.d4 g6 3.Nc3 Bg7 4.h3 Nf6 5.g3 c5 6.dxc5 Qa5 7.Bg2 Qxc5 8.Nge2 Nc6
9.Be3 Qa5 10.O-O O-O 11.Nd5 Bd7 12.c3 Rfc8 13.f4 Be8 14.Kh2 Qd8 15.Qe1 Nd7
16.a3 Na5 17.Rd1 Nc4 18.Bc1 Ndb6 19.e5 Bc6 20.exd6 Nxd6 21.f5 gxf5 22.Bg5 Bxd5
23.Bxd5 Qf8 24.Nf4 Re8 25.Ba2 Ne4 26.Bh4 Rad8 27.Nd3 Nd6 28.Qf2 Rd7 29.a4 Nxa4
30.Qxa7 Nxb2 31.Nxb2 Ra8 32.Bxf7+ Kh8 33.Qe3 Qxf7 34.Rf2 Rc7 35.Rd3 Ne4 36.Rc2 h6
37.Nd1 Rac8 38.Rb2 Kh7 39.Rb6 e6 40.Kg2 Rd7 41.g4 Rcc7 42.Be1 Qg6 43.Rxd7 Rxd7
44.Nf2 Nxf2 45.Kxf2 fxg4 46.Rxe6 Qf5+ 47.Kg2 Rd3 48.Qe4 gxh3+ 49.Kh2 Qxe4
50.Rxe4 Bf8 51.Bg3 Rxc3 52.Re6 b5 53.Rb6 b4 54.Kxh3 b3 55.Kg2 Bc5 56.Rb7+ Kg6
57.Be5 Rd3 58.Rb5 Be7 59.Kf2 h5 60.Ke2 Rh3 61.Kf2 h4 62.Ke2 Kf7 63.Bd4 Ba3
64.Kf2 Rd3 65.Be5 Ke6 66.Ke2 Rh3 67.Kf2 Be7 68.Bh8 Rg3 69.Re5+ Kd7 70.Rb5 Kc6
71.Rh5 Rg4 72.Kf3 Rc4 73.Rh7 Bg5 74.Rg7 Rf4+ 75.Kg2 Bf6  0-1

[Event "Bangalore"]
[Site "Bangalore"]
[Date "1981.??.??"]
[Round "1"]
[White "Thipsay, Praveen Mahadeo"]
[Black "Filip, Miroslav"]
[Result "1-0"]
[WhiteElo "2390"]
[BlackElo "2490"]

1.e4 g6 2.d4 Bg7 3.Nc3 d6 4.f4 Nc6 5.Be3 Nf6 6.Nf3 O-O 7.Qd2 a6 8.Be2 b5
9.a3 Bb7 10.e5 Ng4 11.Bg1 Na5 12.Rd1 Qc8 13.h3 Nh6 14.Bf2 Rd8 15.Qc1 f6 16.exf6 Bxf6
17.O-O Nc4 18.a4 c6 19.Ne4 Bg7 20.b3 Nb6 21.a5 Nd7 22.c4 Nf6 23.c5 Qc7 24.b4 Re8
25.Nxf6+ exf6 26.Rfe1 Nf5 27.Bd3 Ne7 28.Bc2 Rad8 29.Bb3+ d5 30.g4 Bc8 31.Kg2 h5
32.Nh2 Kf7 33.Bg3 Qd7 34.Bc2 Rh8 35.Qe3 hxg4 36.hxg4 Rdg8 37.Rh1 Bf8 38.Rde1 Qd8
39.Qf3 Rh7 40.Nf1 Rxh1 41.Kxh1 Bd7 42.Ne3 Qc8 43.Kg2 Rh8 44.f5 g5 45.Bd6 Rh7
46.Nf1 Kg8 47.Ng3 Qe8 48.Nh5 Qf7 49.Qg3 Nc8 50.Bxf8 Qxf8 51.Qb8 Re7 52.Rxe7 Qxe7
53.Kf2 Qd8 54.Qb7 Kf7 55.Bb3 Ne7 56.Qxa6 Qh8 57.Bd1 Qb8 58.Kg2 Bc8 59.Qb6 Qxb6
60.cxb6 Ba6 61.Ng3 Nc8 62.Nf1 Nd6 63.Nd2 Ke7 64.Nb3 Nb7 65.Bf3 Kd6 66.Kf2 Kd7
67.Ke3 Kd6 68.Kd2 Kd7 69.Kc3 Ke7 70.Nc5 Nxc5 71.bxc5 Kd7 72.Kb4 Kc8 73.Bxd5 cxd5
74.c6 Kd8 75.b7 Kc7 76.Kc5 b4 77.Kxb4 Be2 78.Kc5 Bc4 79.a6 Bxa6 80.Kxd5 Be2
81.Kc5  1-0

[Event "SVK-ch"]
[Site "Bardejov"]
[Date "1981.??.??"]
[Round "1"]
[White "Petrik, Karol"]
[Black "Petran, Peter"]
[Result "0-1"]
[WhiteElo "2215"]
[BlackElo "2300"]

1.e4 g6 2.d4 Bg7 3.Nc3 d6 4.Be3 c6 5.Qd2 b5 6.Bd3 Nd7 7.h4 h5 8.f3 Nb6 9.b3 a5
10.Rd1 Nf6 11.Nh3 Bxh3 12.Rxh3 Qc7 13.Kf1 b4 14.Ne2 Nbd7 15.c3 O-O 16.Rc1 c5
17.cxb4 axb4 18.Bb1 Qa5 19.dxc5 Nxc5 20.Rc4 Na6 21.Rg3 Nd7 22.Nd4 Rfc8 23.Rg5 Nac5
24.g4 Ne5 25.Rc1 f6 26.Rxe5 fxe5 27.Ne2 hxg4 28.Qd5+ e6 29.Qxd6 gxf3 30.Ng3 Qa6+
31.Qxa6 Nxa6 32.Re1 Kh7 33.Kf2 Bh6 34.Bxh6 Kxh6 35.Kxf3 Rc3+ 36.Kg2 Nc5 37.Rf1 Nd3
38.Ne2 Nf4+ 39.Nxf4 exf4 40.e5 Rd8  0-1

[Event "SVK-ch"]
[Site "Bardejov"]
[Date "1981.??.??"]
[Round "4"]
[White "Salai, Ladislav"]
[Black "Petran, Peter"]
[Result "1/2-1/2"]
[WhiteElo "2070"]
[BlackElo "2300"]

1.e4 g6 2.d4 Bg7 3.Nc3 d6 4.Nf3 Nf6 5.Be2 O-O 6.O-O Bg4 7.Bg5 Nc6 8.Qd2 Nd7
9.Ne1 Bxe2 10.Nxe2 Nf6 11.Nc3 a6 12.Nf3 b5 13.Rfe1 b4 14.Nd5 a5 15.c4 e6
16.Nxf6+ Bxf6 17.Bxf6 Qxf6 18.e5 Qe7 19.Qf4 Rad8 20.Re3 dxe5 21.dxe5 f6 22.exf6 Qxf6
23.Qxf6 Rxf6 24.Rae1 Nd4 25.Nxd4 Rxd4 26.b3 Kf7 27.f3 a4 28.Kf2 Ke7 29.Re4 Rxe4
30.Rxe4 Rf5 31.Rd4 Ra5 32.Ke3 axb3 33.axb3 Ra2 34.Rd2 Rxd2 35.Kxd2 Kd6 36.f4 e5
37.Ke3 Ke6 38.Ke4 exf4 39.Kxf4 g5+ 40.Ke4 g4 41.Kd4 Kd6 42.Ke4 Ke6 43.Kf4 Kf6  1/2-1/2

[Event "Bochum"]
[Site "Bochum"]
[Date "1981.??.??"]
[Round "?"]
[White "Ciocaltea, Victor"]
[Black "Feustel, Bernd"]
[Result "0-1"]
[WhiteElo "2445"]
[BlackElo "2355"]

1.e4 g6 2.d4 Bg7 3.Nc3 d6 4.Be3 Nd7 5.Qd2 a6 6.f3 h6 7.Nh3 e6 8.Nf2 Ne7 9.Be2 b6
10.O-O-O Rb8 11.g4 b5 12.f4 b4 13.Nb1 c6 14.h4 Qa5 15.Bc4 d5 16.Bb3 Qb6 17.h5 gxh5
18.f5 c5 19.fxe6 c4 20.exd7+ Bxd7 21.Rxh5 cxb3 22.axb3 dxe4 23.Bf4 Rc8 24.Nxe4 O-O
25.Bxh6 Bxg4 26.Bxg7 Bxh5 27.Bxf8 Kxf8 28.c4 bxc3 29.Nbxc3 Nd5 30.Nc5 Nb4
31.N3e4 a5 32.Qe3 Qg6 33.Rg1 Qh7 34.Rh1 Qg6 35.Qh3 Rxc5+ 36.dxc5 Qxe4 37.Qc8+ Kg7
38.Rg1+ Bg6 39.Rxg6+ Qxg6  0-1

[Event "Bochum"]
[Site "Bochum"]
[Date "1981.??.??"]
[Round "?"]
[White "Ghinda, Mihail Viorel"]
[Black "Keene, Raymond D"]
[Result "1/2-1/2"]
[WhiteElo "2450"]
[BlackElo "2490"]

1.e4 g6 2.d4 Bg7 3.Nc3 d6 4.Nf3 Nf6 5.Be2 O-O 6.O-O c5 7.dxc5 dxc5 8.Qxd8 Rxd8
9.Be3 b6 10.Rad1 Rxd1 11.Rxd1  1/2-1/2

[Event "Bochum"]
[Site "Bochum"]
[Date "1981.??.??"]
[Round "?"]
[White "Van der Wiel, John TH"]
[Black "Feustel, Bernd"]
[Result "0-1"]
[WhiteElo "2465"]
[BlackElo "2355"]

1.e4 g6 2.d4 Bg7 3.Nc3 d6 4.f4 Nd7 5.Be3 b6 6.Be2 Nh6 7.g4 Bb7 8.Bf3 e5 9.g5 Ng8
10.Qd2 Ne7 11.O-O-O exf4 12.Bxf4 O-O 13.Nge2 a6 14.h4 b5 15.h5 Re8 16.Ng3 Nf8
17.hxg6 fxg6 18.Qg2 Qd7 19.Rh4 b4 20.Nd5 Bxd5 21.exd5 Nf5 22.Nxf5 gxf5 23.Rh5 Re7
24.Bg3 Rae8 25.Bf2 a5 26.Qh3 a4 27.Rh1 b3 28.axb3 axb3 29.cxb3 Qb5 30.Rxh7 Nxh7
31.Qxh7+ Kf8 32.Bh5 Qxd5 33.Bxe8 Rxe8 34.Rf1 Ra8 35.Kd2 Bxd4 36.Bxd4 Qxd4+
37.Kc2 Qe4+ 38.Kd2 Qg2+ 39.Kc3 Qxf1 40.Qh8+ Ke7 41.Qxa8 Qe1+ 42.Kd3 Qg3+
43.Kc2 Qxg5 44.b4 Qf4 45.Qc8 Qc4+ 46.Kb1 f4 47.b5 d5 48.Qg8 Qe4+ 49.Ka2 f3
50.Qg3 Kd8 51.Qg8+ Kd7 52.Qg7+ Kc8 53.Qf8+ Kb7 54.Qf6 d4 55.Ka3 Qe3+ 56.Ka2 d3
57.Qc6+ Kb8 58.Qd7 Qe4  0-1

[Event "Bochum"]
[Site "Bochum"]
[Date "1981.??.??"]
[Round "?"]
[White "Kavalek, Lubomir"]
[Black "Feustel, Bernd"]
[Result "1-0"]
[WhiteElo "2550"]
[BlackElo "2355"]

1.d4 g6 2.e4 Bg7 3.Nc3 d6 4.f4 Nd7 5.Be3 b6 6.Nf3 c5 7.Bc4 Nh6 8.h3 O-O 9.g4 cxd4
10.Nxd4 Bb7 11.O-O Kh8 12.g5 Ng8 13.f5 Ne5 14.Bb3 Qd7 15.Qe1 Ba6 16.Rf4 Rac8
17.Qf2 Bc4 18.Rd1 Rc5 19.Nf3 Rcc8 20.f6 exf6 21.gxf6 Nxf3+ 22.Rxf3 Bh6 23.Bxh6 Nxh6
24.Qd2 Ng8 25.Qxd6 Qe8 26.Bxc4 Rxc4 27.Qd7 Qb8 28.Rd5 a6 29.Qd6 Rc7 30.a4 Re8
31.Qf4 Qc8 32.Rfd3 h6 33.Rd6 b5 34.axb5 axb5 35.e5 Rc4 36.Qe3 b4 37.Nd5 Rxc2
38.Ne7 Qa8 39.Rd2 Rxd2 40.Rxd2 Qa1+ 41.Kh2 Kh7 42.e6 Nxf6 43.exf7 Rf8 44.Qd3  1-0

[Event "Bochum"]
[Site "Bochum"]
[Date "1981.??.??"]
[Round "?"]
[White "Borik, Otto"]
[Black "Feustel, Bernd"]
[Result "1-0"]
[WhiteElo "2390"]
[BlackElo "2355"]

1.e4 g6 2.d4 Bg7 3.Nc3 d6 4.f4 Nd7 5.Nf3 c5 6.d5 a6 7.a4 Ngf6 8.Be2 O-O 9.O-O Rb8
10.a5 b5 11.axb6 Rxb6 12.Nd2 Qc7 13.Kh1 Re8 14.Ra3 Bb7 15.Na4 Rb4 16.c3 Rb5
17.c4 Rb4 18.Rh3 e6 19.Nc3 exd5 20.exd5 Nb6 21.f5 Bc8 22.Bd3 Re5 23.Rhf3 Qe7
24.h3 Bd7 25.b3 Nc8 26.Ne2 gxf5 27.Ng3 Ng4 28.Bxf5 Bxf5 29.Nxf5 Rxf5 30.Rxf5 Ne3
31.Qf3 Nxf1 32.Nxf1 Rb7 33.Bg5 Qe1 34.Rf4 h6 35.Re4 Rxb3 36.Rxe1 Rxf3 37.gxf3 hxg5
38.Re8+  1-0

[Event "Brighton"]
[Site "Brighton"]
[Date "1981.??.??"]
[Round "1"]
[White "Arnason, Jon L"]
[Black "Short, Nigel D"]
[Result "0-1"]
[WhiteElo "2440"]
[BlackElo "2440"]

1.e4 g6 2.d4 Bg7 3.Nc3 d6 4.f4 Nf6 5.Nf3 O-O 6.Be2 a6 7.O-O b5 8.e5 Nfd7
9.Ne4 Nb6 10.Qe1 Nc6 11.c3 f6 12.Qh4 dxe5 13.fxe5 Bf5 14.Nc5 Qd5 15.g4 Bc8
16.Bd3 Qd8 17.Bh6 Nd5 18.Rae1 Rb8 19.Bc2 Rb6 20.h3 Na5 21.Bxg7 Kxg7 22.Rf2 Nc4
23.Rfe2 Nxb2 24.exf6+ exf6 25.g5 Nc4 26.Be4 Nxc3 27.Bxg6 Nxe2+ 28.Rxe2 h5
29.Qxh5 Rh8  0-1

[Event "Budva zt"]
[Site "Budva"]
[Date "1981.??.??"]
[Round "8"]
[White "Ivanovic, Bozidar"]
[Black "Rukavina, Josip"]
[Result "0-1"]
[WhiteElo "2550"]
[BlackElo "2460"]

1.e4 g6 2.d4 Bg7 3.Nc3 d6 4.Nf3 Nf6 5.h3 O-O 6.Be3 c6 7.a4 a5 8.Be2 Na6 9.O-O Nb4
10.Qc1 Re8 11.Nd2 b6 12.Rd1 Ba6 13.Bxa6 Rxa6 14.Ne2 Ra8 15.Ng3 Qc7 16.c3 Na6
17.Nf3 e5 18.Bh6 Bh8 19.Re1 exd4 20.cxd4 Nb4 21.Ra3 c5 22.dxc5 dxc5 23.Bf4 Qc6
24.Ne5 Qe6 25.Nf5 Ra7 26.Nh6+ Kf8 27.Rf3 Ree7 28.Rd1 Ne8 29.Nc4 Rad7 30.b3 Na2
31.Rxd7 Nxc1 32.Rxe7 Ne2+ 33.Kf1 Qxe7 34.Kxe2 Qxe4+ 35.Be3 f5 36.Nd2 Qc2
37.g4 Nd6 38.gxf5 Nxf5 39.Nxf5 gxf5 40.Rf4 Kf7 41.Kf3 Bc3 42.Ne4 Qxb3 43.Rxf5+ Ke6
44.Kf4 Qxa4 45.Rh5 Bd4 46.Rh6+ Kd7 47.Rxb6 Qc4 48.Bxd4 cxd4 49.Ra6 Qc7+ 50.Kf3 Qe5
51.Ra7+ Kc6 52.Nd2 Qf5+ 53.Ke2 d3+ 54.Kd1  0-1

[Event "Caorle op"]
[Site "Caorle"]
[Date "1981.??.??"]
[Round "2"]
[White "Cuijpers, Frans Andre"]
[Black "Horvat, I."]
[Result "1-0"]
[WhiteElo "2000"]
[BlackElo "2060"]

1.e4 g6 2.d4 Bg7 3.Nc3 d6 4.f4 Nf6 5.Nf3 O-O 6.Bd3 Bg4 7.O-O Nc6 8.e5 dxe5
9.dxe5 Nd5 10.h3 Nxc3 11.bxc3 Bd7 12.Qe2 e6 13.Ng5 Ne7 14.Ne4 b6 15.Qf3 c5
16.g4 Bc6 17.c4 Bxe4 18.Bxe4 Rc8 19.Be3 Qc7 20.Rad1 Rcd8 21.c3 Nc6 22.Qe2 Na5
23.Bc1 f6 24.exf6 Bxf6 25.Bc2 Rde8 26.Rf3 Re7 27.Be4 Rd8 28.Rxd8+ Qxd8 29.Kg2 Qc7
30.Bd2 Nb7 31.Rf1 Nd6 32.Bd3 Qc6+ 33.Kg1 Qa4 34.Be1 Qa3 35.Qc2 Qa6 36.Qe2 Qb7
37.Bd2 Re8 38.Be1 Qg7 39.Qc2 Rd8 40.Rf3 e5 41.f5 Qb7 42.Re3 gxf5 43.Bxf5 Kh8
44.Be6 Qe7 45.Bd5 Bg5 46.Re2 Rf8 47.Bg3 Bf4 48.Bf2 Qg5 49.Kh1 h5 50.gxh5 Qxh5
51.Qd3 Rf6 52.a4 Nf5 53.Qf3 Qh6 54.Qg4 Ne7 55.Be4 Bg5 56.Bg3 Bf4 57.Bh4 Rf7
58.Bxe7 Rg7 59.Qc8+ Rg8 60.Qf5 Rg3 61.Bf6+  1-0

[Event "Caorle op"]
[Site "Caorle"]
[Date "1981.??.??"]
[Round "4"]
[White "Kovac, Darko"]
[Black "Nikolic, Stanimir"]
[Result "0-1"]
[WhiteElo "2160"]
[BlackElo "2375"]

1.e4 g6 2.d4 Bg7 3.Nc3 d6 4.f4 c6 5.Be2 b5 6.a3 a6 7.Be3 Nd7 8.Bf3 Bb7 9.e5 Qc7
10.Qe2 Nb6 11.Ne4 Nh6 12.g4 O-O-O 13.h3 f6 14.g5 Nf5 15.gxf6 exf6 16.exd6 Nxd6
17.Nxd6+ Qxd6 18.O-O-O Rhe8 19.d5 Nc4 20.Rd3 cxd5 21.Qf2 f5 22.Bd4 Qxf4+
23.Kb1 Bxd4 24.Rxd4 Qe3 25.Rh2 Qxf2 26.Rxf2 Re1+ 27.Rd1 Rde8 28.Kc1 d4 29.Rf1 Rxd1+
30.Rxd1 Re3 31.Bxb7+ Kxb7 32.b3 Nxa3 33.Kb2 b4 34.Rxd4 a5 35.Rd7+ Kb6 36.Rxh7 Rc3
37.Kc1 Rxc2+ 38.Kd1 a4 39.bxa4 b3 40.Rh8 b2 41.Rb8+ Ka5  0-1

[Event "Caorle op"]
[Site "Caorle"]
[Date "1981.??.??"]
[Round "8"]
[White "Triller, R."]
[Black "Nikolic, Stanimir"]
[Result "1/2-1/2"]
[WhiteElo "2210"]
[BlackElo "2375"]

1.e4 g6 2.d4 Bg7 3.Nc3 d6 4.f4 c6 5.Nf3 Bg4 6.e5 Nh6 7.Ne4 O-O 8.Bd3 c5 9.O-O cxd4
10.exd6 exd6 11.Ng3 f5 12.Ne2 Bxf3 13.Rxf3 Nc6 14.b3 a6 15.Bb2 d5 16.h3 Qb6
17.Qe1 Rae8 18.Qf2 Re3 19.Rf1 Rfe8 20.Kh1 Nb4 21.Nc1 Nf7 22.g4 Nd6 23.Qg2 Kh8
24.a3 Rxf3 25.Qxf3 Re3 26.Qg2 Nxd3 27.Nxd3 Ne4 28.Rf3 fxg4 29.hxg4 Qe6 30.f5 gxf5
31.Rxe3 fxg4 32.Re1 g3 33.Kg1 Qf5 34.Bc1 h5 35.Rf1 Qg4 36.Rf4 Qd1+ 37.Qf1 Qxc2
38.Rf8+ Bxf8 39.Qxf8+ Kh7 40.Qf7+ Kh8 41.Qf8+ Kh7 42.Qf5+ Kg7 43.Bh6+ Kxh6  1/2-1/2

[Event "Esbjerg-B"]
[Site "Esbjerg"]
[Date "1981.??.??"]
[Round "5"]
[White "Berg, Klaus"]
[Black "Kristensen, Bjarke"]
[Result "1/2-1/2"]
[WhiteElo "2305"]
[BlackElo "2200"]

1.e4 d6 2.d4 g6 3.Nc3 Bg7 4.Nge2 Nc6 5.Be3 e5 6.h3 Nge7 7.dxe5 dxe5 8.Qxd8+ Nxd8
9.Nd5 Ne6 10.Nec3 c6 11.Nxe7 Kxe7 12.a4 h5 13.Bc4 h4 14.f3 Bh6 15.Bxh6 Rxh6
16.Bxe6 Bxe6 17.Rd1 a5 18.Ke2 Rhh8 19.Rd2 Rhd8 20.Rhd1 Rxd2+ 21.Rxd2 Rd8
22.Rxd8 Kxd8 23.Kd3 Kd7 24.Nd1 Kd6 25.b3 Kc5 26.Kc3 b6 27.Nb2 Bc8 28.Nd3+ Kd6
29.Kd2 Ba6 30.c4 f6 31.Kc3 b5 32.Nb2 f5 33.Nd3 bxc4 34.bxc4 Bb7 35.c5+ Ke6
36.Nb2 Ba6 37.Nc4 Bxc4 38.Kxc4  1/2-1/2

[Event "Esbjerg-B"]
[Site "Esbjerg"]
[Date "1981.??.??"]
[Round "10"]
[White "Pokojowczyk, Jerzy"]
[Black "Kristensen, Bjarke"]
[Result "1-0"]
[WhiteElo "2390"]
[BlackElo "2200"]

1.e4 g6 2.d4 Bg7 3.Nc3 d6 4.f4 c6 5.Nf3 d5 6.e5 h5 7.Be3 Nh6 8.g3 Bf5 9.h3 Qd7
10.Bf2 Na6 11.Nh4 Be6 12.Qf3 Nc7 13.O-O-O Rb8 14.Qg2 b5 15.Be2 Nf5 16.g4 Bh6
17.gxf5 Bxf5 18.Be3 e6 19.Nxf5 exf5 20.Nb1 Ne6 21.Rhf1 Qc7 22.Nd2 Qa5 23.Kb1 Bf8
24.Nb3 Qa4 25.Nc5 Bxc5 26.dxc5 Ke7 27.Qf2 h4 28.Qe1 Rbd8 29.b3 Qa3 30.Qc3 a5
31.Qb2 Qb4 32.Bd4 a4 33.a3 Qa5 34.b4 Qa8 35.Qc3 Qb7 36.Qe1 Rh7 37.Bf2 Rdh8
38.Qd2 Rd8 39.Rg1 Rh6 40.Bd3 Rh7 41.c3 Rh6 42.Qe1 Rdh8 43.Be3 R6h7 44.Rg2 Rd8
45.Qg1 Rh6 46.Rgd2 Rhh8 47.Bf2 Rh7 48.c4 bxc4 49.Bxc4 Ke8 50.Bd3 Rh8 51.Bd4 Rb8
52.Be3 Rg8 53.Re1  1-0

[Event "DDR-ch 30th"]
[Site "Fuerstenwalde"]
[Date "1981.??.??"]
[Round "1"]
[White "Rossmann, Helmut"]
[Black "Mueller, Klaus Uwe"]
[Result "1-0"]
[WhiteElo "2280"]
[BlackElo "2365"]

1.e4 g6 2.d4 Bg7 3.Nc3 d6 4.g3 Nf6 5.Bg2 O-O 6.Nge2 e5 7.O-O Nbd7 8.h3 c6
9.Be3 b5 10.d5 cxd5 11.Nxd5 Bb7 12.Nec3 a6 13.a4 Nxd5 14.Nxd5 Nc5 15.a5 Rc8
16.Qd2 Bxd5 17.Qxd5 Na4 18.Qb7 Ra8 19.c4 Nxb2 20.cxb5 Nc4 21.b6 Nxe3 22.fxe3 Bh6
23.Rf3 d5 24.Rd1 d4 25.exd4 exd4 26.e5 Qg5 27.Rxd4 Qxe5 28.Rd7 Rab8 29.Qxa6 Rbc8
30.b7 Rc1+ 31.Kh2 Be3 32.Rf1 Rc2 33.Qd3 Rd2 34.Qxd2 Bxd2 35.Rxd2 Qxa5 36.Rc2 h5
37.Rc8 Qe5 38.Rb8  1-0

[Event "Bundesliga 8081"]
[Site "Germany"]
[Date "1981.??.??"]
[Round "?"]
[White "Lobron, Eric"]
[Black "Nautsch, Werner"]
[Result "1-0"]
[WhiteElo "2335"]
[BlackElo "2340"]

1.e4 g6 2.d4 Bg7 3.Nc3 d6 4.Nf3 Nc6 5.d5 Nb8 6.Be2 Nf6 7.O-O O-O 8.Bg5 h6
9.Bf4 e5 10.dxe6 Bxe6 11.Qd2 g5 12.Be3 Ng4 13.Bd4 Nc6 14.Bxg7 Kxg7 15.Nd5 Nge5
16.Qc3 f6 17.Rad1 Rf7 18.Nd2 Bxd5 19.exd5 Ne7 20.Bh5 Rf8 21.Ne4 N7g6 22.Bxg6 Nxg6
23.Ng3 Nf4 24.Rd4 Rf7 25.Re1 Kg8 26.Nf5 Qf8 27.Rxf4 gxf4 28.Re4 Kh7 29.Rxf4 Re8
30.g3 Re5 31.Qd3 Kh8 32.Rg4 h5 33.Rg6 Rh7 34.f4 Qf7 35.fxe5 Qxg6 36.e6 h4
37.Nxh4 Qxd3 38.cxd3 Kg8 39.Nf5 Rh5 40.e7  1-0

[Event "Bundesliga 8081"]
[Site "Germany"]
[Date "1981.??.??"]
[Round "?"]
[White "Huebner, Robert"]
[Black "Nautsch, Werner"]
[Result "1-0"]
[WhiteElo "2600"]
[BlackElo "2340"]

1.e4 g6 2.d4 Bg7 3.Nc3 d6 4.Be3 Nf6 5.Qd2 O-O 6.O-O-O c6 7.Bh6 Re8 8.Bxg7 Kxg7
9.f4 Qa5 10.Nf3 Bg4 11.Be2 Nbd7 12.h3 Bxf3 13.Bxf3 e5 14.g4 Nb6 15.Be2 exf4
16.Qxf4 h6 17.h4 g5 18.Qf3 Re7 19.e5 dxe5 20.hxg5 hxg5 21.Qf5 Re6 22.Qxg5+ Kf8
23.Rdf1 Ke7 24.Rxf6  1-0

[Event "Bundesliga 8081"]
[Site "Germany"]
[Date "1981.??.??"]
[Round "?"]
[White "Westermeier, Arnulf"]
[Black "Nautsch, Werner"]
[Result "1-0"]
[WhiteElo "2305"]
[BlackElo "2340"]

1.e4 g6 2.d4 Bg7 3.Nc3 d6 4.Nf3 Bg4 5.Be3 Nf6 6.h3 Bxf3 7.Qxf3 Nc6 8.Bb5 O-O
9.Rd1 Nd7 10.O-O e5 11.dxe5 Ncxe5 12.Qg3 a6 13.Be2 b5 14.a3 Nc4 15.Bc1 Nc5
16.b4 Ne6 17.Bxc4 bxc4 18.Ne2 Qe8 19.f4 f5 20.e5 dxe5 21.fxe5 Qb5 22.Bb2 a5
23.Nc3 Qb7 24.Nd5 Rae8 25.Bc3 axb4 26.axb4 c5 27.Qh4 f4 28.bxc5 g5 29.Qh5 Qc6
30.Kh1 Nxc5 31.Qf3 Kh8 32.Rfe1 Re6 33.Qg4 h6 34.Nf6 Bxf6 35.exf6 Ne4 36.Rxe4 Qxe4
37.Rd7 f3 38.gxf3 Qxc2 39.Qxe6 Qxc3 40.Qf5 Qe1+ 41.Kg2 Qe2+  1-0